000
00301nam a22001337a 4500
008
181126b xxu||||| |||| 00| 0 eng d
020
_a
0070253846
041
_a
eng
080
_a
610.073
100
_a
4
101
_a
PSI
245
_a
Cmprehensive Psychiatric Nursing
_c
Haber.J
942
_2
udc
_c
BK
999
_c
52481
_d
52481